Most Populated Countries Part 1 - Statistics

General Stats
  • This quiz has been taken 13 times
  • The average score is 25 of 29
Answer Stats
Continent Monument Country % Correct
Asia Banglar Taj Mahal Bangladesh
100%
South America Christ the Redeemer Brazil
100%
Asia Great Wall China
100%
Africa Pyramids of Giza Egypt
100%
Europe Eiffel Tower France
100%
Asia Taj Mahal India
100%
Africa Abuja City Gate Nigeria
100%
Europe Stonehenge United Kingdom
100%
North America Statue of Liberty United States of America
100%
Africa Mausoleum of Laurent Kabila Democratic Republic of the Congo
92%
Asia Patung Yesus Memberkati Indonesia
92%
Europe The Colosseum Italy
92%
Asia Himeji Castle Japan
92%
North America Chichen Itza Mexico
92%
Asia Gumti Fountain Pakistan
92%
Eurasia The Kremlin Russia
92%
Eurasia Hagia Sophia Turkey
92%
Europe Brandenburg Gate Germany
85%
Africa Voortrekker Monument South Africa
85%
Asia Jogyesa Temple South Korea
85%
Asia Democracy Monument Thailand
85%
Asia Ho Chi Minh Monument Vietnam
85%
Africa Menelik II Square Ethiopia
77%
Asia Abbasi Great Mosque Iran
77%
South America Cristo Rey Colombia
69%
Africa Askari Monument Tanzania
62%
Asia Magellans Marker The Philippines
62%
Africa Tom Mboya Monument Kenya
54%
Asia Shwegadon Pagoda Myanmar (Burma)
54%
No matching quizzes found
Score Distribution
Percent of People with Each Score
Percentile by Number Answered
Your Score History
You have not taken this quiz